00827nam a22001937a 45000010005000000030009000050050017000140080041000310400021000720800008000931000163001012450102002645000026003666500025003926500034004177730154004519420013006059990015006187476KOSZ 00520180427142110.0160307s1978 pl a|||| |||| 00| 0 pol  cBPKdKOSZ 005/HR a6321 aBERLIŃSKI, Kazimierz.d1975 - 1996.bWyższa Szkoła Inżynierska w Koszalinie - Instytut Inżynierii Środowiska,cZakład Biologii i Chemii Sanitarnej10aWykorzystanie metod biologicznych w zwalczaniu szkodników upraw ziemniaków / cK. Berliński aDane z kartoteki bpp. 0aRośliny - ochrona. 0aOwady szkodliwe - zwalczanie.0 iW :tBiologiczne metody walki ze szkodnikami roślin / pod red. J. Boczka i J. Lipy. -dWarszawa : Państwowe Wydaw. Naukowe, 1978. -gs. 417-424. cROZ2UKD c7476d7476